| 000 | 01019nam a22002057a 4500 | ||
|---|---|---|---|
| 003 | BD-DhUL | ||
| 005 | 20170301084404.0 | ||
| 008 | 170301b2002 B a|||| m||| 00| 0 B d | ||
| 040 |
_aBD-DhUL _cBD-DhUL |
||
| 082 |
_a780 _bGHD |
||
| 100 | 1 | _aঘোষ, তাপসী রানী | |
| 245 | 0 | 0 |
_aদর্শনের সাথে সংগীতের নান্দনিক সম্পর্ক / _cতাপসী রানী ঘোষ _h[থিসিস এমফিল] |
| 260 |
_aঢাকা : _bঢাকা বিশ্ববিদ্যালয়, _c২০০২. |
||
| 300 |
_a[৪] , ১৩৩ পৃ. ; _c২৯ সে. মি. |
||
| 500 | _aথিসিস (এম. ফিল)-- নাট্যকলা ও সংগীত বিভাগ, ঢাকা বিশ্ববিদ্যালয়, ২০০২। | ||
| 504 | _aগ্রন্থপঞ্জি সংবলিত | ||
| 650 | 4 | _aদর্শন ও সংগীত | |
| 650 | 4 | _aPhilosophy and music | |
| 942 |
_2ddc _cREF |
||
| 999 |
_c159124 _d159124 |
||